Assurances sur la vie (Record no. 66264)

MARC details
000 -LEADER
campo de control de longitud fija 00627nam a2200193 i 4500
001 - NÚMERO DE CONTROL
campo de control 66264
003 - IDENTIFICADOR DE NÚMERO DE CONTROL
campo de control ES-MaACL
007 - CAMPO FIJO DE DESCRIPCIÓN FÍSICA--INFORMACIÓN GENERAL
campo de control de longitud fija t|
008 - DATOS DE LONGITUD FIJA--INFORMACIÓN GENERAL
campo de control de longitud fija 040130s1924 fr ||||1| fre d
100 1# - ENTRADA PRINCIPAL--NOMBRE DE PERSONA
Nombre de persona Galbrun, Henri.
9 (RLIN) 53346
245 10 - MENCIÓN DEL TÍTULO
Título Assurances sur la vie
Resto del título : calcul des primes /
Mención de responsabilidad, etc. par Henri Galbrun.
260 ## - PUBLICACIÓN, DISTRIBUCIÓN, ETC.
Lugar de publicación, distribución, etc. Paris :
Nombre del editor, distribuidor, etc. Gauthier-Villars,
Fecha de publicación, distribución, etc. 1924]
300 ## - DESCRIPCIÓN FÍSICA
Extensión 310 p. ;
Dimensiones 24 cm.
490 1# - MENCIÓN DE SERIE
Mención de serie Traité du calcul des probabilités et de ses applications
500 ## - NOTA GENERAL
Nota general Ejem. falto de portada.
830 0# - PUNTO DE ACCESO ADICIONAL DE SERIE-TÍTULO UNIFORME
Título uniforme Traité du calcul des probabilités et de ses applications
9 (RLIN) 182345
852 ## - LOCALIZACIÓN
Ubicación ES-MaACL
Número de control de estantería C-9036
Holdings
Estatus retirado Estado de pérdida Estado de daño No para préstamo Biblioteca de origen Biblioteca actual Ubicación en estantería Fecha de adquisición Fuente de adquisición Total de préstamos Signatura topográfica completa Código de barras Visto por última vez Precio de reemplazo Tipo de ítem Koha
        Biblioteca del Ateneo de Madrid Biblioteca del Ateneo de Madrid Sala Palomar 17/01/2008     C-9036 1069422 23/02/2023 23/02/2023 Libro impreso